000 00392nam a22001571a 4500
082 _a780.954 87
_bBHA/C
245 _aCarnatic music compositions:
_ban index/
_cby Bhagyalekshmy S (ed.)
250 _a2nd
260 _aThiruvananthapuram:
_bCBH ,
_c1998.
300 _a162p.
650 _aMusic Carnatic
650 _aMusic
650 _aArts
700 _aBhagyalekshmy S (ed.)
942 _cBK
999 _c6695
_d6695